| 000 | 00795nam a2200217 4500 | ||
|---|---|---|---|
| 001 | 108759 | ||
| 003 | ES-MaACL | ||
| 005 | 20231228063223.0 | ||
| 007 | t| | ||
| 008 | 061121s1924 cu r ||||1| spa d | ||
| 100 | 1 |
_aMontoro, Rafael, _d1852-1933 _982692 |
|
| 245 | 1 | 1 |
_a[Historiadores de Cuba] / _cdiscursos leídos en la recepción pública del Ldo. Rafael Montoro... Contesta en nombre de la corporación... Antonio L. Valverde. |
| 260 |
_aHabana : _bAcademia de la Historia, _c1924. |
||
| 300 |
_a73 p. ; _c29 cm. |
||
| 650 | 4 |
_aHistoriadores- _zCuba. _9171607 |
|
| 651 | 4 |
_aCuba- _xHistoria- _vBibliografías. _9171608 |
|
| 700 | 1 |
_aValverde, Antonio L. _9113002 |
|
| 710 | 2 |
_aAcademia de la Historia de Cuba. _91183 |
|
| 852 |
_aES-MaACL _j1703-F-9 |
||
| 999 |
_c108759 _d108759 |
||